| 000 | 01031nam a22003610a 4500 | ||
|---|---|---|---|
| 001 | PT61019 | ||
| 003 | AR-LpoUNG | ||
| 005 | 20210131232026.0 | ||
| 008 | 191001s2016||||ag |||||||||||||||||spa d | ||
| 020 |
_a9789509732250 _c$10 |
||
| 040 |
_aAR-LpoUNG _bspa _cAR-LpoUNG _eaacr |
||
| 041 | _aspa | ||
| 044 | _aag | ||
| 082 | 0 | _a982.065 979rev | |
| 100 | 1 |
_aFunes, Patricia _edir. |
|
| 245 | 1 | 0 |
_aRevolución, dictadura y democracia : _blógicas militantes y militares en la historia argentina en el contexto latinoamericano |
| 250 | _a1ra. ed. | ||
| 260 |
_aBuenos Aires : _bImago Mundi, _c2016. |
||
| 300 |
_axvi, 270 p. : _btbls., gráfs. |
||
| 650 | 4 | _aAMERICA LATINA | |
| 650 | 4 | _aARGENTINA | |
| 650 | 4 | _aCONFLICTOS POLITICOS | |
| 650 | 4 | _aDEMOCRACIA | |
| 650 | 4 | _aDERECHOS HUMANOS | |
| 650 | 4 | _aDICTADURA | |
| 650 | 4 | _aESTADO | |
| 650 | 4 | _aHISTORIA POLITICA | |
| 650 | 4 | _aIDEOLOGIAS POLITICAS | |
| 650 | 4 | _aMOVIMIENTOS OBREROS | |
| 700 | 1 |
_aCernadas, Jorge _epról. |
|
| 905 | _a61019 | ||
| 942 | _cLIB | ||
| 999 |
_c13283 _d13283 |
||